000
00318nam a2200121Ia 4500
008
190415s9999 xx 000 0 und d
082
_a
RL.0005
100
_a
Lateef Shahida
245
0
_a
Status and role of women in a minority community : The case of muslims in India
260
_c
0
300
_a
377p.
942
_c
BK
999
_c
20777
_d
20777